Membranverfahren : Grundlagen der Modul- und Anlagenauslegung

Enregistré dans:
Détails bibliographiques
Auteur principal: Rautenbach, Robert (Auteur)
Format: Livre
Langue:allemand
Publié: Berlin : Springer Verlag, 1997
Tags: Ajouter un tag
Pas de tags, Soyez le premier à ajouter un tag!

MARC

LEADER 00000nam a22000003a 4500
001 stu56073
005 20150617225657.1
008 010109s1997----gw------------------ger-d
020 |a 3-540-61573-3 
040 |a STU  |b slo 
041 0 |a ger 
044 |a gw 
080 |a 66.023.33:519.711.2 
100 1 |a Rautenbach, Robert  |4 aut 
245 1 |a Membranverfahren :  |b Grundlagen der Modul- und Anlagenauslegung 
260 |a Berlin :  |b Springer Verlag,  |c 1997 
300 |a 363 s.Obr.,tab.,grafy,lit.,index 
996 |b C96482  |c C*96482  |l CCXVIII  |s P  |a 0  |w stu56073_0001